[Event "AUTO-INT-3369"]
[Site "http://www.queenalice.com/game.php?id=1539865"]
[Date "2018.8.23"]
[Round "1"]
[White "pacou93"]
[Black "Ricardoabreu"]
[Result "0-1"]
[WhiteElo "1783"]
[BlackElo "1620"]

1. e4 b6 2. d4 g6 3. Nf3 Bb7 4. c4 Bxe4 5. Nc3 Bb7 6. Bf4 d6 7. Be2 Bg7 8. Qd2
d5 9. cxd5 Bxd5 10. Nxd5 Qxd5 11. Bxc7 Nf6 12. Ne5 Nbd7 13. Nxd7 Qxd7 14. Be5
O-O 15. O-O Ne4 16. Qf4 Nd6 17. Bxg7 Kxg7 18. Rac1 Nf5 19. Bg4 h5 20. Bxf5 Qxf5
21. Qxf5 gxf5 22. Rc7 e6 23. b4 Kf6 24. a4 Rg8 25. Rc6 Rg4 26. Rd1 Rag8 27. g3
h4 28. Rd3 f4 29. d5 fxg3 30. fxg3 Rxb4 31. dxe6 fxe6 32. Kg2 hxg3 33. hxg3 Rxa4
34. Rf3+ Ke7 35. Rc7+ Kd6 36. Rc2 e5 37. Rd3+ Ke6 38. Rc6+ Kf5 39. Rf3+ Kg4 40.
Rcc3 Re8 41. Rc7 Ra2+ 42. Rf2 Rxf2+ 43. Kxf2 a5 44. Rc4+ Kf5 45. g4+ Kg5 0-1

[Event "AUTO-INT-3369"]
[Site "http://www.queenalice.com/game.php?id=1539866"]
[Date "2018.8.23"]
[Round "1"]
[White "Ricardoabreu"]
[Black "pacou93"]
[Result "0-1"]
[WhiteElo "1612"]
[BlackElo "1786"]

1. b3 e5 2. Bb2 Nc6 3. g3 d5 4. Bg2 Nf6 5. e3 Bf5 6. d3 Bc5 7. Qd2 Qd7 8. f3 h5
9. a3 g5 10. e4 dxe4 11. fxe4 Be6 12. Qxg5 Ng8 13. Bxe5 Nxe5 14. Qxe5 Qd4 15.
Qxd4 Bxd4 16. Ra2 Bxg1 17. Rxg1 O-O-O 18. Rf1 Ne7 19. Rxf7 Bxf7 20. Bh3+ Kb8 21.
Nc3 Nc6 22. Kd2 Nd4 23. Ke3 Nc6 24. Bf5 Rhf8 25. Ne2 Ne5 26. h3 Rg8 27. Kf4 Nc6
28. Nc3 Nd4 29. a4 Nxf5 30. g4 Nd4 31. a5 hxg4 32. hxg4 Be6 33. g5 Bh3 34. Nd5
Ne6+ 35. Kg3 Nxg5 36. Kf4 Rdf8+ 37. Ke3 Ne6 38. b4 c6 39. Ne7 Rg3+ 40. Kd2 Rf2+
41. Kc3 Kc7 0-1

[Event "AUTO-ADV-4070"]
[Site "http://www.queenalice.com/game.php?id=1542586"]
[Date "2018.9.17"]
[Round "1"]
[White "Ditto"]
[Black "pacou93"]
[Result "1-0"]
[WhiteElo "1718"]
[BlackElo "1720"]

1. e4 e5 2. Nf3 Nc6 3. Bb5 g6 4. d3 Bg7 5. Ng5 Nge7 6. Qf3 O-O 7. Qh3 h6 8. Nf3
d5 9. exd5 Bxh3 10. gxh3 Qxd5 11. Bxc6 Nxc6 12. Be3 Qxf3 13. Rg1 Qxh3 14. Nd2
Qxh2 15. Rf1 Qh5 16. Bc5 Rfe8 17. f3 b6 18. Bf2 Nd4 19. Be3 Nxc2+ 20. Ke2 Nxa1
21. Rxa1 f5 22. Rc1 c5 23. Rg1 Qh2+ 24. Bf2 e4 25. dxe4 1-0

[Event "AUTO-ADV-4070"]
[Site "http://www.queenalice.com/game.php?id=1542587"]
[Date "2018.9.17"]
[Round "1"]
[White "pacou93"]
[Black "Ditto"]
[Result "0-1"]
[WhiteElo "1704"]
[BlackElo "1734"]

1. e4 e5 2. Nf3 Nc6 3. d4 d6 4. d5 Nb8 5. c4 c6 6. Nc3 Bg4 7. Qd3 Nf6 8. Bg5 Be7
9. h3 Bd7 10. h4 Bg4 11. Be2 Na6 12. Nh2 Bh5 13. Bxh5 Nxh5 14. Bxe7 Qxe7 15. Nf3
Nf4 16. Qf1 Nb4 17. O-O-O cxd5 18. cxd5 Rc8 19. Qb5+ Qd7 20. Qxd7+ Kxd7 21. Kb1
a6 22. Na4 Ke7 23. Nc3 Nfd3 24. Rh2 Nxf2 0-1

[Event "AUTO-ADV-4070"]
[Site "http://www.queenalice.com/game.php?id=1542602"]
[Date "2018.9.17"]
[Round "1"]
[White "pacou93"]
[Black "Canaye"]
[Result "1-0"]
[WhiteElo "1763"]
[BlackElo "1756"]

1. e4 e6 2. Qe2 d5 3. exd5 Qxd5 4. Nc3 Qd8 5. Nf3 c5 6. g3 Nc6 7. Bg2 Nf6 8. O-O
Bd6 9. d3 O-O 10. Bg5 h6 11. Bxf6 Qxf6 12. a3 a6 13. Ne4 Qe7 14. Nxd6 Qxd6 15.
Rad1 Bd7 16. c3 Rad8 17. Rfe1 Qc7 18. Rc1 b6 19. c4 Be8 20. Rcd1 Nd4 21. Nxd4
Rxd4 22. f4 Bd7 23. Qe5 Qxe5 24. Rxe5 f6 25. Re4 Bc6 26. Rxd4 Bxg2 27. Rd6 Bf3
28. Re1 Bg4 29. Rxb6 Rd8 30. Re3 Kf7 31. Kf2 Bd1 32. Rxa6 Bc2 33. Ke2 e5 34.
fxe5 fxe5 35. Rf3+ Kg8 36. Re3 Rb8 37. Rxe5 Rxb2 38. Rxc5 Bb1+ 39. Ke3 Rxh2 40.
Rb6 Ba2 41. Rf5 Rh1 42. Rf2 Ra1 43. Rbb2 Bxc4 44. dxc4 Rxa3+ 45. Kf4 Kf7 46.
Kg4+ Kg6 47. Rb6+ Kh7 48. c5 Rc3 49. Rf5 Rc4+ 50. Kh3 Rc1 51. Kg4 Rc4+ 52. Kh3
Rc1 53. c6 Rh1+ 54. Kg2 Rc1 55. Rf7 Rc2+ 56. Kh3 Rc4 57. c7 Rc1 58. Rb8 Rh1+ 59.
Kg2 Rc1 60. c8=Q Rxc8 61. Rxc8 Kg6 62. Rcc7 h5 63. Rxg7+ Kf6 64. Rh7 Kg6 65.
Rcg7+ Kf6 66. Rg8 h4 67. gxh4 Ke6 68. Rg5 Kf6 69. Ra7 Ke6 70. Ra6+ Kf7 71. h5
Kf8 72. Rgg6 Kf7 73. Ra7+ Kf8 74. Rb6 1-0

[Event "AUTO-ADV-4070"]
[Site "http://www.queenalice.com/game.php?id=1542603"]
[Date "2018.9.17"]
[Round "1"]
[White "Canaye"]
[Black "pacou93"]
[Result "1-0"]
[WhiteElo "1829"]
[BlackElo "1782"]

1. d4 Nf6 2. c4 e6 3. Nc3 Bb4 4. Qc2 O-O 5. a3 Bxc3+ 6. Qxc3 b6 7. Bg5 Bb7 8.
Nf3 h6 9. Bxf6 Qxf6 10. Rc1 d6 11. d5 Qxc3+ 12. Rxc3 c5 13. e4 exd5 14. cxd5 Nd7
15. Bd3 Ne5 16. Nxe5 dxe5 17. O-O f5 18. f3 fxe4 19. fxe4 Rxf1+ 20. Kxf1 Rf8+
21. Ke2 Bc8 22. Bb5 Bg4+ 23. Ke3 g5 24. h3 Bh5 25. g4 Be8 26. Ba6 Bd7 27. b4
cxb4 28. axb4 Kg7 29. Rc7 Rf7 30. Rxa7 Be8 31. Ra8 Ba4 32. b5 Bd1 33. Rb8 Rf3+
34. Kd2 Ba4 35. d6 Rf6 36. Rxb6 Kf7 37. Rb7+ Kg6 38. d7 Rd6+ 39. Kc3 Rd4 40. Rc7
h5 41. gxh5+ Kxh5 42. Bb7 Bxb5 43. Bd5 Bxd7 44. Rxd7 1-0

[Event "AUTO-ADV-4070"]
[Site "http://www.queenalice.com/game.php?id=1542604"]
[Date "2018.9.17"]
[Round "1"]
[White "pacou93"]
[Black "junipero"]
[Result "1/2-1/2"]
[WhiteElo "1752"]
[BlackElo "2022"]

1. e4 c5 2. Nf3 Nc6 3. d4 cxd4 4. Bc4 h6 5. O-O e5 6. Qd3 d6 7. c3 dxc3 8. Nxc3
Nf6 9. Be3 Be7 10. Nd5 Nxd5 11. exd5 Nb8 12. Bb5+ Bd7 13. Rac1 O-O 14. a4 a6 15.
Bxd7 Nxd7 16. Qf5 Nf6 17. Rc4 Nxd5 18. Bxh6 gxh6 19. Rg4+ Kh8 20. Qh5 Kh7 21.
Qf5+ Kh8 22. Qh5 Kh7 23. Qf5+ Kh8 1/2-1/2

[Event "AUTO-ADV-4070"]
[Site "http://www.queenalice.com/game.php?id=1542605"]
[Date "2018.9.17"]
[Round "1"]
[White "junipero"]
[Black "pacou93"]
[Result "1-0"]
[WhiteElo "2055"]
[BlackElo "1787"]

1. d4 Nf6 2. c4 e6 3. Nc3 d5 4. e3 Bb4 5. cxd5 exd5 6. a3 Bxc3+ 7. bxc3 Bf5 8.
c4 c6 9. Nf3 O-O 10. cxd5 Nxd5 11. Qb3 b6 12. Be2 Re8 13. O-O Nf6 14. Ne5 c5 15.
Nxf7 1-0

[Event "AUTO-ADV-4076"]
[Site "http://www.queenalice.com/game.php?id=1544330"]
[Date "2018.10.1"]
[Round "1"]
[White "Eggchaser"]
[Black "pacou93"]
[Result "1-0"]
[WhiteElo "1886"]
[BlackElo "1580"]

1. e4 e5 2. Nf3 Nc6 3. Bb5 g6 4. c3 Bg7 5. O-O Nge7 6. Qe2 d6 7. d4 exd4 8. cxd4
Bd7 9. Nc3 O-O 10. Be3 a6 11. Ba4 b5 12. Bc2 Bg4 13. Rfd1 Nb4 14. Bb1 d5 15. a3
Nbc6 16. h3 Bxf3 17. Qxf3 dxe4 18. Qxe4 Rc8 19. Ba2 Qd7 20. d5 Bxc3 21. dxc6
Qxc6 22. Qxc6 Nxc6 23. bxc3 Rfe8 24. Bd5 Ne7 25. Bb7 Rcd8 26. Bxa6 c6 27. c4
bxc4 28. Bxc4 Kg7 29. Kf1 Nf5 30. Bc5 Rxd1+ 31. Rxd1 Re4 32. Bd3 Rd4 33. Bxd4+
Nxd4 34. Be4 1-0

[Event "AUTO-ADV-4076"]
[Site "http://www.queenalice.com/game.php?id=1544331"]
[Date "2018.10.1"]
[Round "1"]
[White "pacou93"]
[Black "Eggchaser"]
[Result "1-0"]
[WhiteElo "1828"]
[BlackElo "1852"]

1. e4 c5 2. Nf3 d6 3. Bb5+ Nd7 4. d4 cxd4 5. Nxd4 a6 6. Bxd7+ Bxd7 7. Nc3 Nf6 8.
O-O g6 9. Be3 Bg7 10. Qd2 Ng4 11. Bg5 h6 12. Be3 Nxe3 13. Qxe3 O-O 14. Rad1 b5
15. a3 Rc8 16. Rc1 Kh7 17. Nf3 e6 18. Rfd1 Qe7 19. h3 Rfd8 20. Qd3 Bc6 21. Re1
Bxc3 22. bxc3 Bb7 23. Rb1 Rc4 24. Rb4 Rdc8 25. Rb3 d5 26. exd5 1-0

[Event "AUTO-ADV-4076"]
[Site "http://www.queenalice.com/game.php?id=1544344"]
[Date "2018.10.1"]
[Round "1"]
[White "talisman77"]
[Black "pacou93"]
[Result "1-0"]
[WhiteElo "1787"]
[BlackElo "1762"]

1. d4 Nf6 2. c4 e6 3. Nc3 Bb4 4. Bd2 O-O 5. Nf3 c5 6. Qb3 Bxc3 7. Bxc3 b6 8. e3
Ne4 9. Bd3 Nxc3 10. Qxc3 cxd4 11. Nxd4 Bb7 12. O-O Qg5 13. g3 d6 14. Rfe1 Nd7
15. Bf1 Nc5 16. Qc2 e5 17. Ne2 Qg4 18. Bg2 Bxg2 19. Kxg2 1-0

[Event "AUTO-ADV-4076"]
[Site "http://www.queenalice.com/game.php?id=1544345"]
[Date "2018.10.1"]
[Round "1"]
[White "pacou93"]
[Black "talisman77"]
[Result "0-1"]
[WhiteElo "1778"]
[BlackElo "1771"]

1. e4 c5 2. Nf3 Nc6 3. d4 cxd4 4. Nxd4 Nxd4 5. Qxd4 d6 6. Bc4 Nf6 7. Bb5+ Bd7 8.
Nc3 Bxb5 9. Nxb5 a6 10. Nc3 e5 11. Qd3 Be7 12. O-O O-O 13. Bg5 Re8 14. Nd5 Nxd5
15. Qxd5 Bxg5 16. Qxb7 Rb8 17. Qxa6 Rxb2 0-1

[Event "AUTO-ADV-4076"]
[Site "http://www.queenalice.com/game.php?id=1544352"]
[Date "2018.10.1"]
[Round "1"]
[White "luiz_gustavo"]
[Black "pacou93"]
[Result "1-0"]
[WhiteElo "1808"]
[BlackElo "1733"]

1. e4 e5 2. Nf3 Nc6 3. Nc3 g6 4. Bc4 Bg7 5. O-O Nge7 6. d3 O-O 7. Re1 d6 8. h3
Be6 9. Bxe6 fxe6 10. Qe2 d5 11. exd5 exd5 12. Bg5 Bf6 13. Bxf6 Rxf6 14. Nxe5
Nxe5 15. Qxe5 Kf7 16. Nb5 1-0

[Event "AUTO-ADV-4076"]
[Site "http://www.queenalice.com/game.php?id=1544353"]
[Date "2018.10.1"]
[Round "1"]
[White "pacou93"]
[Black "luiz_gustavo"]
[Result "0-1"]
[WhiteElo "1747"]
[BlackElo "1785"]

1. e4 e5 2. Nf3 Nc6 3. d4 exd4 4. Nxd4 Nxd4 5. Qxd4 Qe7 6. Nc3 Qb4 7. Qxb4 Bxb4
8. Bd2 d6 9. O-O-O Nf6 10. a3 O-O 11. axb4 Re8 12. f3 b6 13. Bf4 a5 14. bxa5
Rxa5 15. Nd5 Nxd5 0-1

[Event "AUTO-OPEN-3980"]
[Site "http://www.queenalice.com/game.php?id=1544545"]
[Date "2018.10.2"]
[Round "1"]
[White "pacou93"]
[Black "byyonico"]
[Result "0-1"]
[WhiteElo "1824"]
[BlackElo "1719"]

1. e4 c5 2. Nf3 d6 3. Bb5+ Nc6 4. O-O Bd7 5. c3 a6 6. Bc4 b5 7. Bd5 Nf6 8. d3
Nxd5 9. exd5 Ne5 10. d4 Ng6 11. Nbd2 e5 12. dxe6 Bxe6 13. Re1 Be7 14. Ne4 cxd4
15. Nxd4 O-O 16. Nc6 Qc7 17. Nxe7+ Qxe7 0-1

[Event "AUTO-OPEN-3980"]
[Site "http://www.queenalice.com/game.php?id=1544546"]
[Date "2018.10.2"]
[Round "1"]
[White "byyonico"]
[Black "pacou93"]
[Result "1-0"]
[WhiteElo "1725"]
[BlackElo "1797"]

1. e4 e5 2. Nf3 Nc6 3. c3 Nf6 4. Qc2 Bc5 5. b4 Bd6 6. Bc4 a6 7. Ng5 O-O 8. d3 h6
9. Nf3 b5 10. Bb3 Be7 11. Nh4 d5 12. O-O Be6 13. Nf5 Bxf5 14. exf5 d4 15. Bd2
Bd6 16. a3 Kh7 17. cxd4 Nxd4 18. Qd1 Nxf5 19. Bc2 Ne7 20. Re1 Kh8 21. Nc3 c5 22.
Bb3 1-0

[Event "AUTO-OPEN-3980"]
[Site "http://www.queenalice.com/game.php?id=1544547"]
[Date "2018.10.2"]
[Round "1"]
[White "pacou93"]
[Black "ratorei"]
[Result "0-1"]
[WhiteElo "1538"]
[BlackElo "1636"]

1. e4 c5 2. Nf3 d6 3. Bb5+ Nc6 4. O-O Bd7 5. c3 g6 6. d4 cxd4 7. cxd4 Bg7 8. Be3
Nf6 9. Nc3 O-O 10. Qd2 Ng4 11. h3 Nxe3 12. Qxe3 Nb4 13. Rac1 a6 14. Bxd7 Qxd7
15. a3 Nc6 16. b4 b5 17. Nd5 Ra7 18. Rfd1 e6 19. Nc3 Re8 0-1

[Event "AUTO-OPEN-3980"]
[Site "http://www.queenalice.com/game.php?id=1544548"]
[Date "2018.10.2"]
[Round "1"]
[White "ratorei"]
[Black "pacou93"]
[Result "1-0"]
[WhiteElo "1623"]
[BlackElo "1551"]

1. Nf3 Nf6 2. g3 b6 3. Bg2 Bb7 4. O-O e6 5. Re1 c5 6. c4 Nc6 7. Nc3 Nd4 8. Nxd4
Bxg2 9. Nxe6 dxe6 10. Kxg2 Bd6 11. d4 cxd4 12. Qxd4 O-O 13. Bg5 Be7 14. Rad1 h6
15. Be3 Rc8 16. b3 Qxd4 17. Rxd4 Rfd8 18. Red1 Rxd4 19. Rxd4 Bc5 20. Rd3 Bxe3
21. Rxe3 1-0

[Event "AUTO-OPEN-3980"]
[Site "http://www.queenalice.com/game.php?id=1544549"]
[Date "2018.10.2"]
[Round "1"]
[White "pacou93"]
[Black "patreszer"]
[Result "1-0"]
[WhiteElo "1803"]
[BlackElo "2029"]

1. e4 c5 2. Nf3 d6 3. Bb5+ Bd7 4. Bxd7+ Nxd7 5. Nc3 e6 6. d4 cxd4 7. Nxd4 a6 8.
O-O Ngf6 9. Bg5 Be7 10. Re1 O-O 11. Qd2 e5 12. Nf5 h6 13. Bxh6 gxh6 14. Qxh6 1-0

[Event "AUTO-OPEN-3980"]
[Site "http://www.queenalice.com/game.php?id=1544550"]
[Date "2018.10.2"]
[Round "1"]
[White "patreszer"]
[Black "pacou93"]
[Result "1-0"]
[WhiteElo "2028"]
[BlackElo "1804"]

1. d4 Nf6 2. Bg5 e6 3. e4 h6 4. Bxf6 Qxf6 5. Nc3 Bb4 6. Nf3 d6 7. Qd3 O-O 8. Be2
Nc6 9. O-O-O a6 10. h3 Qe7 11. g4 Bxc3 12. Qxc3 f5 13. exf5 exf5 14. Bd3 fxg4
15. Bc4+ Kh8 16. Nd2 Rxf2 17. hxg4 Bxg4 18. Rde1 Qg5 19. Rhg1 1-0

[Event "Challenge"]
[Site "http://www.queenalice.com/game.php?id=1793131"]
[Date "2022.7.25"]
[Round "-"]
[White "dejami"]
[Black "pacou93"]
[Result "1-0"]
[WhiteElo "1458"]
[BlackElo "1526"]

1. e4 c5 2. Bc4 Nc6 3. Qh5 d6 4. Na3 g6 5. Qf3 e6 6. Bb5 Bd7 7. Bxc6 Bxc6 8. d3
Bg7 9. Qe2 Ne7 10. Bd2 Bxb2 11. Nc4 Bxa1 12. c3 b5 13. Na5 Qxa5 14. Nf3 Bxc3 15.
O-O 1-0